Bicentenario de la Escuela de Artes Aplicadas y Oficios Artísticos
Publicado:
San Jorge, núm. 96 - 97 (juliol 1976), pàg 89 :
MARC
| LEADER | 00000nam a2200000Ia 4500 | ||
|---|---|---|---|
| 001 | |||
| 008 | 160829s9999 xx 000 0 cat d | ||
| 245 | |a Bicentenario de la Escuela de Artes Aplicadas y Oficios Artísticos | ||
| 260 | |a San Jorge, núm. 96 - 97 (juliol 1976), pàg 89 | ||
| 610 | 2 | 0 | |a Reial Acadèmia de Ciències i Arts de Barcelona |9 54253 |
| 650 | |a Arts decoratives |9 23095 | ||
| 710 | 2 | |a Escola d'Arts i Oficis Artístics (Barcelona, Catalunya) |9 54584 | |
| 901 | |a Arxiu | ||
| 942 | |n 1 | ||
| 952 | |0 0 |1 0 |4 0 |7 1 |9 52125 |a Arxiu |b Arxiu |d 2016-12-01 |l 0 |r 2016-12-01 00:00:00 |w 2016-12-01 |y ARXIU | ||
| 999 | |c 55973 |d 55973 | ||